00742nam a2200205Ia 4500003000900000008004100009020001800050040001600068080001300084100001400097245020500111260003400316300001700350650004100367650004100408650004100449700001400490700001500504700001700519IN-BaIIA211028s9999 xx 000 0 eng d a3-540-09830-5 cIIA Library a048.1:52 aBohme, S. 0aAstronomy and Astrophysics Abstractsbvol. 23, 24, author and subjects indexes to volumes 11-14 and 17-22, literature 1974- 1978cS. Bohme., [et al.]  aBerlinbSpringer-Verlagc1979 aviii, 1127p. aAbstracts-Astronomy and Astrophysics aAstronomy and Astrophysics Abstracts aAstronomy and Astrophysics Thesaurus aEsser, U. aFricke, W. aHeinrich, I.